The Animated Adult Sitcom Quiz #1! - Statistics

General Stats
  • This quiz has been taken 199 times
  • The average score is 7 of 15
Answer Stats
Question Answer % Correct
Which other TV Dad did Family Guy's Peter Griffin get into a prolonged fistfight with during an hour-long crossover episode? Homer Simpson
76%
South Park: Randy is the father of which of the four main characters? Stan
69%
Futurama: What is Leela's actual first name? Turanga
68%
Archer: When Stirling Archer is beset with amnesia in the episode "Fugue and Riffs", which other H. Jon Benjamin character did he suddenly think he was? Bob Belcher (Bob's Burgers)
63%
What show did the MTV animated show Daria originally spin off from? Beavis and Butthead
57%
King of the Hill: Rusty Shackleford is an alias of which character? Dale Gribble
57%
The Netflix Original animated show F is For Family was created by which stand-up comedian? Bill Burr
50%
Bob's Burgers: What is the first name of the portly little health inspector who constantly tries to shut down the restaurant? Hugo
50%
Rick & Morty: The primary versions of Rick and Morty, known as "Our Rick and Morty" are from what universe? C-137
48%
Which of these characters is NOT voiced by Seth McFarlane? Klaus Heisler
43%
Robot Chicken: Molar the Dentist is a satirical character derived from which 80's children's cartoon? He-Man and the Masters of the Universe
40%
Metalocalypse: Who played lead guitar in Dethklok? Skwisgaar Skwigelf
40%
In what year did Space Ghost: Coast to Coast premiere? 1994
33%
The Simpsons: The episode "22 Short Films About Springfield", featuring the famous Steamed Hams sketch, is from what season? Season 7
30%
Nitz, Gimpy, Cal and Rocko are the four best friends/main characters of which short-lived, early 2000's show? Undergrads
19%
No matching quizzes found
Score Distribution
Percent of People with Each Score
Percentile by Number Answered
Your Score History
You have not taken this quiz